| 000 | 01224cam a2200337 a 4500 | ||
|---|---|---|---|
| 001 | 14328773 | ||
| 005 | 20170105102845.0 | ||
| 008 | 060228s2006 ii a b 001 0 eng | ||
| 010 | _a 2006347576 | ||
| 020 | _a8173046719 | ||
| 025 | _aI-E-2006-347576; 63-08 | ||
| 037 |
_bLibrary of Congress -- New Delhi Overseas Office _cRs1095.00 |
||
| 040 |
_aDLC _cDLC _dDLC |
||
| 042 | _alcode | ||
| 043 | _aaz----- | ||
| 050 | 0 | 0 |
_aHV6433.S64 _bR47 2006 |
| 082 | _2363.325 | ||
| 245 | 0 | 0 |
_aResponding to terrorism in South Asia / _cedited by S.D. Muni. |
| 260 |
_aNew Delhi : _bManohar Publishers & Distributors : _bDistributed in South Asia by Foundation Books, _c2006. |
||
| 300 |
_a542 p. : _bill. ; _c23 cm. |
||
| 500 | _a"Regional Centre for Strategic Studies, Colombo." | ||
| 504 | _aIncludes bibliographical references and index. | ||
| 520 | _aContributed articles. | ||
| 650 | 0 |
_aTerrorism _zSouth Asia. |
|
| 700 | 1 | _aMuni, S. D. | |
| 710 | 2 | _aRegional Centre for Strategic Studies (Colombo, Sri Lanka) | |
| 856 | 4 | 1 |
_3Table of contents only _uhttp://www.loc.gov/catdir/toc/fy0608/2006347576.html |
| 906 |
_a7 _bcbc _corigode _d3 _encip _f20 _gy-gencatlg |
||
| 942 |
_2ddc _cBK |
||
| 999 |
_c14023 _d14023 |
||